| 000 | 004590000a22001690004500 | ||
|---|---|---|---|
| 041 | 0 | _aSPA | |
| 082 | 0 | 4 | _aG 270 V695c |
| 100 | 1 | _aVila Ventura, Samuel (1902-) | |
| 245 | 1 | 0 | _aEl cristianismo evangélico a través de los siglos / Samuel Vila |
| 260 | _aGrand Rapids, MI., USA : TELL | ||
| 300 | _a432 Pag | ||
| 001 | 9536 | ||
| 942 | _cBK | ||
| 999 |
_c39505 _d39505 |
||
| 336 |
_atexto _btxt _2rdacontent |
||
| 337 |
_2rdamedia _asin mediación _bn |
||
| 338 |
_2rdacarrier _avolumen _bnc |
||